000 00439nam a22001337a 4500
082 _a624.1834
_bAME
_cL-19, P-96
100 _aA. C. I.
_940962
245 _aA Guide to the Use of Waterproofing, Dampproofing, Protective, and Decorative Barrier Systems for Concrete
_cA. C. I.
260 _aAmerica
_bAmerican Concrete Institute
300 _a44 P, :
526 _a0
_b0
_c0
_d624_183400000000000_AME
650 _aMCE
_9379
942 _2ddc
_cBK
999 _c550050
_d550050